La violencia y sus causas (Record no. 5387)

MARC details
000 -LEADER
campo de control de longitud fija 00905am a2200373a 44500
003 - IDENTIFICADOR DE NÚMERO DE CONTROL
campo de control AR-BaBNM
005 - FECHA Y HORA DE LA ÚLTIMA TRANSACCIÓN
campo de control 20251128203910.0
008 - DATOS DE LONGITUD FIJA--INFORMACIÓN GENERAL
campo de control de longitud fija 256019s1981 #AR|||||||||||000 | spa||
020 ## - NÚMERO INTERNACIONAL ESTÁNDAR DEL LIBRO
Número Internacional Estándar del Libro 92-3-301809-1
040 ## - FUENTE DE CATALOGACIÓN
Centro/agencia transcriptor AR-BaBNM
245 10 - MENCIÓN DEL TÍTULO
Título La violencia y sus causas
260 ## - PUBLICACIÓN, DISTRIBUCIÓN, ETC.
Lugar de publicación, distribución, etc. París
Nombre del editor, distribuidor, etc. Unesco
Fecha de publicación, distribución, etc. 1981
300 ## - DESCRIPCIÓN FÍSICA
Extensión 303 p.
Otros detalles físicos tablas
490 #0 - MENCIÓN DE SERIE
Mención de serie Actual
650 #4 - PUNTO DE ACCESO ADICIONAL DE MATERIA--TÉRMINO DE MATERIA
Término de materia o nombre geográfico como elemento de entrada POLITICA
650 #4 - PUNTO DE ACCESO ADICIONAL DE MATERIA--TÉRMINO DE MATERIA
Término de materia o nombre geográfico como elemento de entrada VIOLENCIA
650 #4 - PUNTO DE ACCESO ADICIONAL DE MATERIA--TÉRMINO DE MATERIA
Término de materia o nombre geográfico como elemento de entrada PROBLEMAS SOCIALES
650 #4 - PUNTO DE ACCESO ADICIONAL DE MATERIA--TÉRMINO DE MATERIA
Término de materia o nombre geográfico como elemento de entrada DELITOS
650 #4 - PUNTO DE ACCESO ADICIONAL DE MATERIA--TÉRMINO DE MATERIA
Término de materia o nombre geográfico como elemento de entrada BIOLOGIA
650 #4 - PUNTO DE ACCESO ADICIONAL DE MATERIA--TÉRMINO DE MATERIA
Término de materia o nombre geográfico como elemento de entrada PSICOLOGIA
650 #4 - PUNTO DE ACCESO ADICIONAL DE MATERIA--TÉRMINO DE MATERIA
Término de materia o nombre geográfico como elemento de entrada SOCIOLOGIA
650 #4 - PUNTO DE ACCESO ADICIONAL DE MATERIA--TÉRMINO DE MATERIA
Término de materia o nombre geográfico como elemento de entrada MUJERES
700 1# - ENTRADA AGREGADA--NOMBRE PERSONAL
Nombre de persona Domenach, Jean-Marie
700 1# - ENTRADA AGREGADA--NOMBRE PERSONAL
Nombre de persona Laborit, Henri
700 1# - ENTRADA AGREGADA--NOMBRE PERSONAL
Nombre de persona Galtung, Johan
700 1# - ENTRADA AGREGADA--NOMBRE PERSONAL
Nombre de persona Senghaas, Dieter
700 1# - ENTRADA AGREGADA--NOMBRE PERSONAL
Nombre de persona Klineberg, Otto
700 1# - ENTRADA AGREGADA--NOMBRE PERSONAL
Nombre de persona Halloran, James D.
700 1# - ENTRADA AGREGADA--NOMBRE PERSONAL
Nombre de persona Poklewski-Koziell, Krysztof
700 1# - ENTRADA AGREGADA--NOMBRE PERSONAL
Nombre de persona Spitz, Pierre
700 1# - ENTRADA AGREGADA--NOMBRE PERSONAL
Nombre de persona Boulding, Elise
942 ## - ELEMENTOS DE ENTRADA SECUNDARIOS (KOHA)
Tipo de ítem Koha Libros
998 ## - INFORMACIÓN DE CONTROL LOCAL (RLIN)
Iniciales del catalogador, CIN (RLIN) Enrique
Holdings
Estatus retirado Estado de pérdida Fuente de la clasificación o esquema de estantería Estado de daño Restricciones de uso No para préstamo Biblioteca de origen Biblioteca actual Fecha de adquisición Total de préstamos Signatura topográfica completa Código de barras Visto por última vez Precio de reemplazo Tipo de ítem Koha
    Clasificación Decimal Dewey   Acceso restringido No para préstamo Liberty Liberty 28/11/2025   323.2 DOM 068545 28/11/2025 28/11/2025 Libros